[Event "22nd ch-EUR Indiv 2022"]
[Site "Terme Catez SLO"]
[Date "2022.04.01"]
[Round "6.31"]
[White "Sebenik, Matej"]
[Black "Bartel, Mateusz"]
[Result "1/2-1/2"]
[WhiteTitle "GM"]
[BlackTitle "GM"]
[WhiteElo "2510"]
[BlackElo "2616"]
[WhiteFideId "14602296"]
[BlackFideId "1112635"]
[EventDate "2022.03.27"]

1. d4 Nf6 2. c4 e6 3. Nf3 d5 4. g3 c6 5. Bg2 Bb4+ 6. Bd2 Be7 7. Qc2 O-O 8. O-O
a5 9. Bf4 Nbd7 10. Rd1 Ne4 11. Nfd2 f5 12. Nc3 Nxc3 13. bxc3 g5 14. Be5 Nxe5 15.
dxe5 Qc7 16. Nf3 b5 17. cxb5 cxb5 18. Qd2 g4 19. Nd4 Bd7 20. Rab1 Rab8 21. Qe3
Rfc8 22. h3 gxh3 23. Bxh3 Kh8 24. Rdc1 Rg8 25. Kh2 Qd8 26. Qd3 Qe8 27. e3 Rg6
28. Rh1 a4 29. Bf1 Rb7 30. Kg2 Qb8 31. Be2 Qxe5 1/2-1/2

[Event "22nd ch-EUR Indiv 2022"]
[Site "Terme Catez SLO"]
[Date "2022.04.01"]
[Round "6.32"]
[White "Gharibyan, Mamikon"]
[Black "Ivic, Velimir"]
[Result "0-1"]
[WhiteTitle "IM"]
[BlackTitle "GM"]
[WhiteElo "2479"]
[BlackElo "2610"]
[WhiteFideId "13308300"]
[BlackFideId "950122"]
[EventDate "2022.03.27"]

1. d4 Nf6 2. c4 g6 3. Nc3 Bg7 4. e4 d6 5. h3 Nbd7 6. Be3 e5 7. d5 h5 8. b4 a5 9.
a3 h4 10. c5 Nh5 11. cxd6 cxd6 12. Nb5 O-O 13. Nf3 Ndf6 14. Nd2 Nf4 15. Rc1 axb4
16. axb4 Bd7 17. Qf3 Qe7 18. g3 hxg3 19. fxg3 N4h5 20. Bd3 Ra4 21. Ke2 Nxe4 22.
Nxe4 f5 23. Rhg1 Rxb4 0-1

[Event "22nd ch-EUR Indiv 2022"]
[Site "Terme Catez SLO"]
[Date "2022.04.01"]
[Round "6.33"]
[White "Brkic, Ante"]
[Black "Kobo, Ori"]
[Result "1/2-1/2"]
[WhiteTitle "GM"]
[BlackTitle "GM"]
[WhiteElo "2607"]
[BlackElo "2510"]
[WhiteFideId "14506688"]
[BlackFideId "2812320"]
[EventDate "2022.03.27"]

1. e4 e5 2. Nf3 Nc6 3. Bc4 Bc5 4. O-O Nf6 5. d3 O-O 6. c3 d5 7. exd5 Nxd5 8. Re1
Bg4 9. a4 a5 10. h3 Bh5 11. Nbd2 Nb6 12. Bb3 Kh8 13. Ne4 Nd7 14. Ng3 Bxf3 15.
Qxf3 f5 16. d4 exd4 17. Nh5 Qh4 18. Bf4 g6 19. Be6 Rad8 20. Qd5 Bd6 21. Bxd6
cxd6 22. Ng3 Nde5 23. Red1 d3 24. Nf1 Rfe8 25. Qb3 Re7 26. Bd5 g5 27. Qb6 Rf8
28. Bxc6 bxc6 29. Qd4 Qh6 30. Rxd3 c5 31. Qxd6 Re6 32. Qd5 Nxd3 33. Qxd3 g4 34.
hxg4 fxg4 35. Rd1 Qf4 36. Rd2 Re1 37. g3 Qe5 38. Kg2 Qh5 39. Kg1 Re6 40. Qc4 Qf5
41. Ne3 Re4 42. Qb5 Qf6 43. Qxc5 Rxa4 44. Qh5 Re4 45. Kh2 a4 46. c4 Qe6 47. Kg2
Rg8 48. Rd5 Qf6 49. Rf5 Qg6 50. Qxg6 hxg6 51. Ra5 Rb8 52. Rxa4 Rxb2 53. Ra3 Rb6
54. Ra5 Rc6 55. Rg5 Kg7 1/2-1/2

[Event "22nd ch-EUR Indiv 2022"]
[Site "Terme Catez SLO"]
[Date "2022.04.01"]
[Round "6.34"]
[White "Bernadskiy, Vitaliy"]
[Black "Blohberger, Felix"]
[Result "1-0"]
[WhiteTitle "GM"]
[BlackTitle "GM"]
[WhiteElo "2606"]
[BlackElo "2504"]
[WhiteFideId "14100371"]
[BlackFideId "1632051"]
[EventDate "2022.03.27"]

1. e4 c5 2. Nf3 d6 3. d4 cxd4 4. Nxd4 Nf6 5. Nc3 a6 6. Bg5 e6 7. f4 h6 8. Bh4
Qb6 9. a3 Nc6 10. Bf2 Qc7 11. Be2 Bd7 12. Qd3 Rc8 13. O-O-O b5 14. Nxc6 Bxc6 15.
Kb1 Qb7 16. Bf3 Be7 17. Rhe1 O-O 18. g4 a5 19. Nd5 exd5 20. exd5 Be8 21. g5 hxg5
22. fxg5 Nh7 23. h4 b4 24. Be4 g6 25. Bd4 bxa3 26. h5 f5 27. hxg6 Bxg6 28. Bh1
Nxg5 29. Re6 Nxe6 30. dxe6 Qb4 31. Bd5 Rf6 32. Rh1 Kg7 33. Qe3 f4 34. Qxf4 Bxc2+
35. Ka2 Rh8 36. Rxh8 Qxb2+ 37. Bxb2 axb2 38. Qg3+ Kxh8 39. Qh2+ Bh7 40. Be4 1-0

[Event "22nd ch-EUR Indiv 2022"]
[Site "Terme Catez SLO"]
[Date "2022.04.01"]
[Round "6.35"]
[White "Godena, Michele"]
[Black "Basso, Pier Luigi"]
[Result "1/2-1/2"]
[WhiteTitle "GM"]
[BlackTitle "GM"]
[WhiteElo "2442"]
[BlackElo "2600"]
[WhiteFideId "800090"]
[BlackFideId "866970"]
[EventDate "2022.03.27"]

1. e4 e5 2. Nf3 Nc6 3. Bc4 Bc5 4. d3 Nf6 5. Nc3 h6 6. a3 a6 7. Be3 d6 8. O-O O-O
9. h3 Bxe3 10. fxe3 Be6 11. Bxe6 fxe6 12. Nh2 Qe8 13. Ng4 Qg6 14. Nxf6+ Rxf6 15.
Rxf6 Qxf6 16. Qe2 Rf8 17. Rf1 Qg5 18. Rxf8+ Kxf8 19. Qf3+ Ke7 20. g3 Nb8 21. h4
Qg6 22. Nd1 Nd7 23. Nf2 Nf6 24. d4 exd4 25. exd4 d5 26. e5 Ne4 27. Nxe4 dxe4 28.
h5 Qg5 29. Qxe4 Qxg3+ 30. Kf1 Qh3+ 31. Ke1 Qxh5 32. Qxb7 Qh4+ 33. Ke2 Qg4+ 34.
Kd3 Qd1+ 35. Kc3 Qe1+ 36. Kd3 Qf1+ 37. Kc3 Kd7 38. Qe4 h5 39. d5 Qh3+ 40. Kd4
Qg3 41. dxe6+ Ke7 42. Qc6 Qg1+ 43. Kd3 Qd1+ 44. Ke3 Qe1+ 1/2-1/2

[Event "22nd ch-EUR Indiv 2022"]
[Site "Terme Catez SLO"]
[Date "2022.04.01"]
[Round "6.36"]
[White "Pechac, Jergus"]
[Black "Parkhov, Yair"]
[Result "1/2-1/2"]
[WhiteTitle "GM"]
[BlackTitle "IM"]
[WhiteElo "2599"]
[BlackElo "2450"]
[WhiteFideId "14926970"]
[BlackFideId "2813408"]
[EventDate "2022.03.27"]

1. d4 Nf6 2. c4 e6 3. Nf3 d5 4. g3 Be7 5. Bg2 O-O 6. O-O dxc4 7. Qc2 b5 8. a4 b4
9. Nfd2 Nd5 10. Nxc4 c5 11. dxc5 Bxc5 12. e4 Nb6 13. Ncd2 N8d7 14. a5 Ba6 15.
axb6 Rc8 16. Qd1 Qxb6 17. Nb3 Bxf1 18. Qxf1 h6 19. Nxc5 Qxc5 20. Nd2 Nb6 21. Nb3
Qc2 22. Nd4 Qc5 23. Nb5 Nc4 24. Nxa7 Rcd8 25. Qe2 b3 26. Bf1 Ne5 27. Be3 Qc2 28.
f4 Nd3 29. Qxc2 bxc2 30. Nc6 Rd7 31. Bxd3 Rxd3 32. Kf2 Rb3 33. Bd4 Rb7 34. Bc3
Rc8 35. Nd4 Rd7 36. Ke3 Rxd4 37. Kxd4 Rd8+ 38. Ke3 Rd1 39. Ra8+ Kh7 40. Bd2 c1=Q
41. Bxc1 Rxc1 42. b4 Rc4 43. Ra4 f5 44. exf5 exf5 45. Kd3 Re4 46. Kc3 g5 47.
fxg5 hxg5 48. Ra5 Kg6 49. b5 Re1 50. Ra2 f4 51. gxf4 gxf4 52. Rb2 f3 53. b6 Re3+
54. Kd4 Re2 55. Rb1 f2 56. Rf1 Kg5 57. Kc5 Kg4 58. b7 Rb2 59. Kc6 Rc2+ 60. Kd7
Rb2 61. Kc8 Rc2+ 62. Kb8 Kh3 63. Rb1 Kxh2 64. Ka7 Rc7 65. Kb6 Rxb7+ 66. Kxb7 Kg2
67. Kc6 f1=Q 68. Rxf1 Kxf1 1/2-1/2

[Event "22nd ch-EUR Indiv 2022"]
[Site "Terme Catez SLO"]
[Date "2022.04.01"]
[Round "6.37"]
[White "Iturrizaga Bonelli, Eduardo"]
[Black "Petkov, Momchil"]
[Result "1/2-1/2"]
[WhiteTitle "GM"]
[BlackTitle "IM"]
[WhiteElo "2594"]
[BlackElo "2465"]
[WhiteFideId "3901211"]
[BlackFideId "2921642"]
[EventDate "2022.03.27"]

1. c4 e5 2. g3 c6 3. Nf3 e4 4. Nd4 d5 5. d3 Bc5 6. dxe4 dxe4 7. Be3 Nf6 8. Nc3
Qe7 9. h3 O-O 10. Qc2 Re8 11. Bg2 Nbd7 12. Rd1 Nb6 13. b3 h6 14. O-O Bd7 15. Rd2
Bb4 16. Qb2 Qe5 17. a3 Bxc3 18. Qxc3 c5 19. Nb5 Bxb5 20. Qxe5 Rxe5 21. cxb5 c4
22. Bxb6 axb6 23. bxc4 Rxa3 24. Rd8+ Kh7 25. Rb8 1/2-1/2

[Event "22nd ch-EUR Indiv 2022"]
[Site "Terme Catez SLO"]
[Date "2022.04.01"]
[Round "6.38"]
[White "Grandelius, Nils"]
[Black "Subelj, Jan"]
[Result "1/2-1/2"]
[WhiteTitle "GM"]
[BlackTitle "IM"]
[WhiteElo "2663"]
[BlackElo "2468"]
[WhiteFideId "1710400"]
[BlackFideId "14618583"]
[EventDate "2022.03.27"]

1. Nf3 Nf6 2. g3 b5 3. Na3 a6 4. c4 b4 5. Nc2 a5 6. a3 b3 7. Ncd4 a4 8. Bg2 c6
9. O-O g6 10. d3 Bg7 11. e4 d6 12. Ne2 O-O 13. Nc3 Nbd7 14. h3 e5 15. Be3 d5 16.
exd5 cxd5 17. cxd5 Bb7 18. Nd2 Nb6 19. Bxb6 Qxb6 20. Re1 Rfd8 21. Nc4 Qd4 22.
Ne2 Qa7 23. Nc3 Nxd5 24. Nxd5 Bxd5 25. Bxd5 Rxd5 26. Qf3 Rad8 27. Re3 f6 28. h4
Rd4 29. Rd1 Qd7 30. Re4 Rxe4 31. Qxe4 f5 32. Qe1 e4 33. Qb4 exd3 34. Nb6 Qe6 35.
Nxa4 Bf8 1/2-1/2

[Event "22nd ch-EUR Indiv 2022"]
[Site "Terme Catez SLO"]
[Date "2022.04.01"]
[Round "6.39"]
[White "Neverov, Valeriy"]
[Black "Ragger, Markus"]
[Result "0-1"]
[WhiteTitle "GM"]
[BlackTitle "GM"]
[WhiteElo "2453"]
[BlackElo "2647"]
[WhiteFideId "14100150"]
[BlackFideId "1610856"]
[EventDate "2022.03.27"]

1. Nf3 Nf6 2. c4 g6 3. Nc3 Bg7 4. e4 e5 5. Nxe5 O-O 6. d4 Re8 7. Be3 d6 8. Nf3
Nxe4 9. Nxe4 Rxe4 10. Bd3 Re8 11. O-O Bg4 12. h3 Bxf3 13. Qxf3 Nc6 14. Be4 Nxd4
15. Bxd4 Bxd4 16. Bxb7 Rb8 17. Rab1 Re5 18. Bd5 Rf5 19. Qe2 Qf6 20. b4 Kg7 21.
Bf3 h5 22. Rb3 h4 23. Re1 Re5 24. Qd1 Qf4 25. Rf1 Rbe8 26. Rd3 Bb6 27. a4 a5 28.
c5 dxc5 29. bxa5 Bxa5 30. Qc1 Qxa4 31. Ra3 Qb4 32. Qa1 Kh7 33. Ra4 Qd2 34. Rxh4+
Kg8 35. Qc1 Qxc1 36. Rxc1 Bd2 37. Rc2 Re1+ 38. Kh2 Bg5 39. Rhc4 Be7 40. g3 Bd6
41. Kg2 Kg7 42. h4 Rb8 43. h5 gxh5 44. Bxh5 Rbb1 45. Be2 Kf6 46. f4 Rg1+ 47. Kf3
Kg7 48. R4c3 Be7 49. Kg4 Rb6 50. Bd3 Rb4 51. Rc1 Rxc1 52. Rxc1 Rb3 53. Bc4 Ra3
54. Bd5 Bd6 55. Be4 Re3 56. Bf5 Kf6 57. Rc2 Ra3 58. Rc1 Bf8 59. Rc2 Be7 60. Rc1
Ra5 61. Bd3 Ra4 62. Bc4 Ra3 63. Kh3 Kg7 64. Kg4 Bf6 65. Rc2 Bd4 66. Kh3 Kg6 67.
Kg4 f6 68. Be6 Kg7 69. Bc4 Kf8 70. Be6 Ke7 71. Bc4 Kd6 72. Bf7 Kc6 73. Bc4 Kb6
74. Kh4 Ka5 75. g4 Rf3 76. f5 Kb4 77. Be6 Be3 78. Rc4+ Kb5 79. Kh5 Bg5 80. Rc2
Rh3+ 81. Kg6 Rg3 82. Kh5 Rh3+ 83. Kg6 Rh4 84. Rc4 Rh1 85. Rc2 Rg1 86. Kh5 Rh1+
87. Kg6 Rd1 88. Rb2+ Kc6 89. Kf7 Rd4 90. Rc2 Kb5 91. Rb2+ Rb4 92. Bd7+ Kc4 93.
Ra2 Kd3 94. Ra3+ Kd4 95. Ra7 c4 96. Rxc7 c3 0-1

[Event "22nd ch-EUR Indiv 2022"]
[Site "Terme Catez SLO"]
[Date "2022.04.01"]
[Round "6.40"]
[White "Hovhannisyan, Robert"]
[Black "Petenyi, Tamas"]
[Result "1/2-1/2"]
[WhiteTitle "GM"]
[BlackTitle "IM"]
[WhiteElo "2643"]
[BlackElo "2451"]
[WhiteFideId "13302507"]
[BlackFideId "14909090"]
[EventDate "2022.03.27"]

1. e4 c5 2. Nf3 d6 3. d4 cxd4 4. Nxd4 Nf6 5. Nc3 g6 6. Be3 Bg7 7. f3 O-O 8. Qd2
Nc6 9. O-O-O Nxd4 10. Bxd4 Be6 11. Kb1 Rc8 12. g4 Bc4 13. Nd5 e5 14. Bf2 Bxd5
15. exd5 e4 16. g5 Nd7 17. f4 Re8 18. h4 Nc5 19. Rh3 e3 20. Bxe3 Ne4 21. Qb4 a5
22. Qb6 Qd7 23. Bc1 Qg4 24. Rhd3 Qxh4 25. Re3 Qf2 26. Bd3 Nc5 27. Rxe8+ Rxe8 28.
Qxa5 Nxd3 29. Rxd3 Re1 30. Qd2 Re2 31. Qd1 Re1 32. Qd2 Re2 33. Qd1 Re1 1/2-1/2

[Event "22nd ch-EUR Indiv 2022"]
[Site "Terme Catez SLO"]
[Date "2022.04.01"]
[Round "6.41"]
[White "Gokerkan, Cem Kaan"]
[Black "Nguyen, Thai Dai Van"]
[Result "1/2-1/2"]
[WhiteTitle "IM"]
[BlackTitle "GM"]
[WhiteElo "2445"]
[BlackElo "2623"]
[WhiteFideId "6336760"]
[BlackFideId "358878"]
[EventDate "2022.03.27"]

1. e4 e5 2. Nc3 Nf6 3. f4 d5 4. fxe5 Nxe4 5. Qf3 Nc6 6. Bb5 Nxc3 7. dxc3 Qh4+ 8.
g3 Qe4+ 9. Qxe4 dxe4 10. Ne2 Bd7 11. Bxc6 Bxc6 12. Be3 h5 13. Nd4 Bd7 14. O-O-O
Be7 15. h4 O-O 16. Rhf1 Bg4 17. Rde1 f6 18. exf6 Bxf6 19. Bf4 Rae8 20. Bxc7 e3
21. Bf4 e2 22. Rf2 Re4 23. Rfxe2 Bxe2 24. Rxe2 Rfe8 25. Rf2 Bxd4 26. cxd4 Rxd4
27. c3 Re1+ 28. Kc2 Rd7 29. c4 b6 30. Kc3 Re4 31. b3 Kf7 32. a4 Ke6 33. a5 Kf5
34. axb6 axb6 35. Be3+ Kg4 36. Bxb6 Kxg3 37. Rc2 Kxh4 38. c5 Kg4 39. c6 Rd6 40.
Kb2 h4 41. c7 Re8 42. Bg1 Rc8 43. b4 Rd1 44. b5 Rxg1 45. b6 Re1 1/2-1/2

[Event "22nd ch-EUR Indiv 2022"]
[Site "Terme Catez SLO"]
[Date "2022.04.01"]
[Round "6.42"]
[White "Gorshtein, Ido"]
[Black "Erdos, Viktor"]
[Result "1/2-1/2"]
[WhiteTitle "IM"]
[BlackTitle "GM"]
[WhiteElo "2445"]
[BlackElo "2607"]
[WhiteFideId "2815532"]
[BlackFideId "719978"]
[EventDate "2022.03.27"]

1. c4 e5 2. g3 Nf6 3. Bg2 h6 4. d3 Bb4+ 5. Nd2 a5 6. Nf3 Nc6 7. O-O d6 8. a3 Bc5
9. b3 O-O 10. Bb2 Re8 11. e3 Bf5 12. Qc2 Qd7 13. Ne4 Nxe4 14. dxe4 Bh7 15. Nh4
Qe6 16. Nf5 Reb8 17. Qd3 Ne7 18. Nxe7+ Qxe7 19. Bc3 Kh8 20. b4 axb4 21. axb4 Bb6
22. Qd5 c6 23. Qd3 f6 24. Rfd1 Rxa1 25. Rxa1 Rd8 26. Qe2 Bg8 27. Be1 Be6 28. Qc2
Qf8 29. Bf1 Ra8 30. Qd1 Rxa1 31. Qxa1 Qg8 32. Qa4 Kh7 1/2-1/2

[Event "22nd ch-EUR Indiv 2022"]
[Site "Terme Catez SLO"]
[Date "2022.04.01"]
[Round "6.43"]
[White "Ivanisevic, Ivan"]
[Black "Sahidi, Samir"]
[Result "1/2-1/2"]
[WhiteTitle "GM"]
[BlackTitle "IM"]
[WhiteElo "2601"]
[BlackElo "2432"]
[WhiteFideId "912417"]
[BlackFideId "14936372"]
[EventDate "2022.03.27"]

1. d4 d5 2. c4 c6 3. Nf3 Nf6 4. Nc3 e6 5. Bg5 h6 6. Bxf6 Qxf6 7. Qb3 dxc4 8.
Qxc4 Nd7 9. Rd1 g6 10. e3 Bg7 11. h4 O-O 12. h5 g5 13. Bd3 Re8 14. Bb1 e5 15.
Qd3 g4 16. Qh7+ Kf8 17. Nh4 Nb6 18. Ne4 Qe7 19. dxe5 Qxe5 20. f4 Qxb2 21. O-O
Rxe4 22. f5 Nd5 23. f6 Nxf6 24. Rd8+ Ke7 25. Qxg7 Kxd8 26. Bxe4 Be6 27. Qxf6+
Qxf6 28. Rxf6 Bxa2 29. Nf5 a5 30. Rxh6 Kc7 31. Rf6 a4 32. Nd4 a3 33. h6 Bc4 34.
Kh2 a2 35. Nc2 Kd7 36. h7 Be6 37. Kg3 Ke7 38. Rh6 Rh8 39. Na1 Kf8 40. Kf4 Kg7
41. Kg5 Rd8 42. g3 Kh8 43. Rh1 Rd2 44. Kf6 Rf2+ 45. Ke5 Bd5 46. Bxd5 cxd5 47.
Rc1 Rf3 48. Kd4 Rxg3 49. Rc2 Rg1 50. Rxa2 g3 51. Kxd5 g2 52. Ke4 Rb1 53. Rxg2
Rxa1 54. Rf2 Rh1 55. Rxf7 Rxh7 56. Rf8+ Kg7 57. Rf1 Rh8 58. Rb1 Re8+ 59. Kd4
Rd8+ 60. Kc5 Rc8+ 61. Kd6 Re8 62. Re1 Kf6 63. Rf1+ Kg5 64. Rb1 Rxe3 1/2-1/2

[Event "22nd ch-EUR Indiv 2022"]
[Site "Terme Catez SLO"]
[Date "2022.04.01"]
[Round "6.45"]
[White "Stella, Andrea"]
[Black "Wagner, Dennis"]
[Result "1/2-1/2"]
[WhiteTitle "GM"]
[BlackTitle "GM"]
[WhiteElo "2444"]
[BlackElo "2584"]
[WhiteFideId "827061"]
[BlackFideId "24650684"]
[EventDate "2022.03.27"]

1. d4 Nf6 2. c4 e6 3. Nf3 d5 4. g3 Bb4+ 5. Bd2 Be7 6. Bg2 O-O 7. O-O Nbd7 8. Qc2
c6 9. Bf4 a5 10. Rd1 Nh5 11. Bc1 f5 12. Nc3 Bd6 13. Rb1 Qe7 14. a3 Nhf6 15. Be3
Ne4 16. Qc1 h6 17. Bf4 Bxf4 18. Qxf4 b5 19. cxb5 cxb5 20. Nxb5 Ba6 21. a4 Bxb5
22. axb5 Qb4 23. Ne5 Qxb5 24. Nxd7 Qxd7 25. Bxe4 fxe4 26. Qe3 Rab8 27. f3 exf3
28. exf3 Rb4 29. Rd2 Rf6 30. Rc1 Qb5 31. Rc5 Qb6 32. Rc8+ Kh7 33. Qd3+ Rg6 34.
h4 h5 35. Rh8+ Kxh8 36. Qxg6 Rxd4 37. Qxh5+ Kg8 38. Qe8+ Kh7 39. Qh5+ Kg8 40.
Qe8+ Kh7 1/2-1/2

[Event "22nd ch-EUR Indiv 2022"]
[Site "Terme Catez SLO"]
[Date "2022.04.01"]
[Round "6.46"]
[White "Tutisani, Noe"]
[Black "Alonso Rosell, Alvar"]
[Result "0-1"]
[WhiteTitle "IM"]
[BlackTitle "GM"]
[WhiteElo "2442"]
[BlackElo "2565"]
[WhiteFideId "13602853"]
[BlackFideId "2270544"]
[EventDate "2022.03.27"]

1. d4 Nf6 2. c4 e6 3. Nc3 Bb4 4. f3 d5 5. a3 Be7 6. e4 dxe4 7. fxe4 c5 8. d5
exd5 9. exd5 O-O 10. Be2 Re8 11. Nf3 Bf5 12. O-O Bg6 13. Bg5 a6 14. Qb3 Nbd7 15.
Qxb7 Rb8 16. Qxa6 Rxb2 17. Rae1 Ng4 18. Bxe7 Rxe7 19. h3 Ne3 20. Rf2 Nc2 21. Rd1
Nd4 22. Rxd4 cxd4 23. Nxd4 Nc5 24. Nc6 Nxa6 25. Nxd8 Rc2 26. Rf3 Rexe2 27. Nxe2
Rxe2 28. Rb3 Kf8 29. Nc6 Ke8 30. Rb7 Nc5 31. Rb5 Nd3 32. Rb7 Be4 33. Re7+ Kf8
34. Rc7 g5 35. d6 Nf4 36. d7 Rxg2+ 37. Kf1 Bd3+ 38. Ke1 Re2+ 39. Kf1 Rc2+ 0-1

[Event "22nd ch-EUR Indiv 2022"]
[Site "Terme Catez SLO"]
[Date "2022.04.01"]
[Round "6.47"]
[White "Ibrahimli, Murad"]
[Black "Livaic, Leon"]
[Result "1-0"]
[WhiteTitle "IM"]
[BlackTitle "IM"]
[WhiteElo "2432"]
[BlackElo "2563"]
[WhiteFideId "13410229"]
[BlackFideId "14531534"]
[EventDate "2022.03.27"]

1. d4 Nf6 2. c4 e6 3. Nf3 d5 4. Nc3 Bb4 5. Bg5 Nbd7 6. cxd5 exd5 7. Qc2 c5 8.
dxc5 Qa5 9. Bd2 Qxc5 10. e3 O-O 11. a3 Bxc3 12. Bxc3 Ne4 13. Rc1 Nb6 14. Bb4
Qxc2 15. Rxc2 Rd8 16. Nd4 a5 17. Be7 Re8 18. Rc7 Rb8 19. Bh4 Bd7 20. f3 Nd6 21.
Bg3 Nf5 22. Nxf5 Bxf5 23. Kf2 Bd7 24. Bd3 Bc6 25. Rc1 Ra8 26. Bf4 a4 27. Rc5 Re6
28. g4 g6 29. h4 Rd8 30. Bg5 f6 31. Bh6 Nd7 32. Ra5 Kf7 33. Bb5 Ke7 34. Bf4 b6
35. Bxc6 bxa5 36. Bxa4 Rb6 37. b3 Ke6 38. Ra7 Ne5 39. Kg3 d4 40. b4 d3 41. Bb3+
Kd6 42. Rxa5 Rc6 43. g5 Rc3 44. Ba4 Ke6 45. Ra6+ Rd6 46. Rxd6+ Kxd6 47. gxf6 d2
48. f7 Rc8 49. Kf2 Rf8 50. Ke2 Rxf7 51. Bb3 Rf5 52. Kxd2 Rh5 53. Bg3 Rxh4 54.
Bxh4 Nxf3+ 55. Ke2 Nxh4 56. Bc2 1-0

[Event "22nd ch-EUR Indiv 2022"]
[Site "Terme Catez SLO"]
[Date "2022.04.01"]
[Round "6.48"]
[White "Murphy, Conor E"]
[Black "Stocek, Jiri"]
[Result "1/2-1/2"]
[WhiteTitle "IM"]
[BlackTitle "GM"]
[WhiteElo "2427"]
[BlackElo "2555"]
[WhiteFideId "421669"]
[BlackFideId "304760"]
[EventDate "2022.03.27"]

1. d4 Nf6 2. c4 e6 3. g3 Bb4+ 4. Bd2 a5 5. Bg2 d5 6. Nf3 O-O 7. Qc1 Re8 8. O-O
Bf8 9. Bf4 c6 10. Rd1 h6 11. Ne5 Nbd7 12. Nc3 Nxe5 13. dxe5 Nd7 14. cxd5 exd5
15. e4 Nxe5 16. Bxe5 Rxe5 17. exd5 Qe8 18. dxc6 bxc6 19. Na4 Bb7 20. Nb6 Rd8 21.
Nc4 Rc5 22. b3 Ba6 23. Bf1 Rxd1 24. Qxd1 a4 25. Qf3 Qe6 26. Bd3 g6 27. Kf1 Rd5
28. Re1 Qd7 29. Be4 Re5 30. Bxc6 Qh3+ 31. Qg2 Rxe1+ 32. Kxe1 Bb4+ 33. Kf1 axb3
34. axb3 Qh5 35. Bf3 Qe5 36. Kg1 Qe1+ 37. Qf1 Qc3 38. Bd1 Bc5 39. Qe2 Bxc4 40.
bxc4 Kg7 41. Kg2 Qd4 42. Ba4 Qf6 43. Bc2 h5 44. h4 Qb2 45. Qd3 Qd4 46. Qf3 Qf6
47. Qe2 Qb2 48. Qd2 Ba7 49. Kf1 Bb6 50. Qd3 Qf6 51. Qe2 1/2-1/2

[Event "22nd ch-EUR Indiv 2022"]
[Site "Terme Catez SLO"]
[Date "2022.04.01"]
[Round "6.49"]
[White "Haring, Filip"]
[Black "Pultinevicius, Paulius"]
[Result "1-0"]
[WhiteTitle "FM"]
[BlackTitle "GM"]
[WhiteElo "2425"]
[BlackElo "2546"]
[WhiteFideId "14933080"]
[BlackFideId "12809390"]
[EventDate "2022.03.27"]

1. e4 c6 2. d4 d5 3. e5 Bf5 4. c4 e6 5. Nc3 Ne7 6. h3 Nd7 7. Nf3 h6 8. b3 Ng6 9.
a3 dxc4 10. bxc4 Nh4 11. Nxh4 Qxh4 12. Be2 O-O-O 13. g3 Qe7 14. Qa4 Kb8 15. Be3
Nb6 16. Qb3 f6 17. O-O g5 18. Rfd1 fxe5 19. d5 exd5 20. cxd5 Nxd5 21. Nxd5 cxd5
22. Rxd5 Rxd5 23. Qxd5 Bg7 24. Rc1 Rc8 25. Rxc8+ Bxc8 26. Bc5 Be6 27. Bd6+ Ka8
28. Qc5 Qd8 29. Bc7 Qd5 30. Qe7 Qd7 31. Qc5 e4 32. Be5 b6 33. Qc3 Bf8 34. a4 Bc5
35. a5 Qd5 36. a6 e3 37. Bf1 Qf3 38. fxe3 Bd5 39. Bf4 Qh1+ 40. Kf2 Qf3+ 41. Ke1
Bg8 42. Qd2 Bd5 43. Qb2 1-0

[Event "22nd ch-EUR Indiv 2022"]
[Site "Terme Catez SLO"]
[Date "2022.04.01"]
[Round "6.50"]
[White "Blomqvist, Erik"]
[Black "Kilgus, Georg"]
[Result "1-0"]
[WhiteTitle "GM"]
[BlackTitle "IM"]
[WhiteElo "2542"]
[BlackElo "2415"]
[WhiteFideId "1709437"]
[BlackFideId "1606212"]
[EventDate "2022.03.27"]

1. e4 c6 2. d4 d5 3. e5 c5 4. Nf3 Nc6 5. dxc5 Bg4 6. c3 e6 7. Be3 Bxf3 8. Qxf3
Nge7 9. Bb5 a6 10. Ba4 Qa5 11. Qd1 Nf5 12. b4 Nxe3 13. fxe3 Qc7 14. Qd4 Be7 15.
Nd2 O-O 16. Bxc6 Qxc6 17. O-O f6 18. Nf3 b6 19. cxb6 Rab8 20. a4 Rxb6 21. exf6
Bxf6 22. Ne5 Qd6 23. Rxf6 Rxf6 24. Nd7 Qxd7 25. Qxb6 Qc8 26. Qd4 Qb7 27. b5 axb5
28. Rb1 Qa8 29. Rxb5 Rf8 30. a5 Qe8 31. Rb7 1-0

[Event "22nd ch-EUR Indiv 2022"]
[Site "Terme Catez SLO"]
[Date "2022.04.01"]
[Round "6.51"]
[White "Dardha, Daniel"]
[Black "Tratar, Marko"]
[Result "1-0"]
[WhiteTitle "GM"]
[BlackTitle "GM"]
[WhiteElo "2540"]
[BlackElo "2417"]
[WhiteFideId "240990"]
[BlackFideId "14600684"]
[EventDate "2022.03.27"]

1. d4 e6 2. Nf3 Nf6 3. c4 Bb4+ 4. Nbd2 O-O 5. a3 Be7 6. e4 d6 7. Bd3 Nfd7 8. b4
e5 9. d5 a5 10. Rb1 axb4 11. axb4 c5 12. b5 Nf6 13. Nf1 Nbd7 14. h3 Nh5 15. g3
g6 16. Ne3 Ndf6 17. Ng2 Ng7 18. g4 Kh8 19. Ne3 Bd7 20. Bb2 Nfe8 21. Qc2 f5 22.
gxf5 gxf5 23. exf5 Bg5 24. Rg1 Bf4 25. Rg4 Bxe3 26. fxe3 Bxf5 27. Bxf5 Rxf5 28.
Ke2 Qf6 29. Rf1 Nc7 30. e4 Rf4 31. Rxf4 Qxf4 32. Nxe5 Qh2+ 33. Rf2 Qxh3 34. Nf7+
Kg8 35. Qc3 Qh5+ 36. Kd2 Nce8 37. Qf3 Ra2 38. Kc2 h6 39. Qxh5 Nxh5 40. Nxh6+ Kh7
41. Nf5 Ra4 42. Kd3 Kg6 43. Rg2+ Kf7 44. Rg5 1-0

[Event "22nd ch-EUR Indiv 2022"]
[Site "Terme Catez SLO"]
[Date "2022.04.01"]
[Round "6.52"]
[White "Damjanovic, Vuk"]
[Black "Gumularz, Szymon"]
[Result "1/2-1/2"]
[WhiteTitle "FM"]
[BlackTitle "GM"]
[WhiteElo "2409"]
[BlackElo "2539"]
[WhiteFideId "980021"]
[BlackFideId "1188062"]
[EventDate "2022.03.27"]

1. d4 Nf6 2. c4 e6 3. Nc3 d5 4. cxd5 exd5 5. Bg5 c6 6. e3 h6 7. Bf4 Bf5 8. Nge2
Bd6 9. Bxd6 Qxd6 10. Ng3 Be6 11. Bd3 Nbd7 12. Nf5 Bxf5 13. Bxf5 O-O 14. O-O Rfe8
15. Bc2 g6 16. Re1 Nb6 17. h3 Kg7 18. Qd3 a5 19. b3 Re7 20. Rad1 Rae8 21. f3 c5
22. Nb5 Qc6 23. Na7 Qd6 24. Nb5 Qc6 25. Na7 Qd6 1/2-1/2

[Event "22nd ch-EUR Indiv 2022"]
[Site "Terme Catez SLO"]
[Date "2022.04.01"]
[Round "6.53"]
[White "Kelires, Andreas"]
[Black "Injac, Teodora"]
[Result "1-0"]
[WhiteTitle "GM"]
[BlackTitle "WGM"]
[WhiteElo "2536"]
[BlackElo "2407"]
[WhiteFideId "5900727"]
[BlackFideId "932400"]
[EventDate "2022.03.27"]

1. d4 Nf6 2. c4 e6 3. g3 d5 4. Bg2 Bb4+ 5. Nd2 O-O 6. Nf3 b6 7. O-O Bb7 8. b3 a5
9. Bb2 a4 10. bxa4 Bc6 11. Qb3 Bxd2 12. Nxd2 dxc4 13. Nxc4 Bxg2 14. Kxg2 Nc6 15.
Rfd1 Na5 16. Nxa5 Rxa5 17. f3 Qd7 18. Rac1 Qxa4 19. Qxa4 Rxa4 20. a3 Nd5 21. Rd3
f5 22. Rc6 f4 23. Bc1 b5 24. Rxe6 Rc4 25. Bd2 c6 26. gxf4 Nxf4+ 27. Bxf4 Rxf4
28. d5 cxd5 29. Rxd5 Kf7 30. Rb6 Rf6 31. Rxf6+ gxf6 32. Rxb5 Ra4 33. Rb3 f5 34.
e3 Ke6 35. f4 Kf6 36. Kf3 Kg6 37. Ke2 Kh5 38. Rb5 Kg6 39. Rb6+ Kh5 40. Rf6 Ra5
41. Kf3 h6 42. a4 Rc5 43. Re6 Rc2 44. Re5 Kg6 45. h3 Rh2 46. Kg3 Re2 47. a5 Ra2
48. h4 Ra3 49. h5+ 1-0